000 02380nam a22003017a 4500
999 _c61755
_d61755
003 Ge_BSU
005 20241119122408.0
008 240429s2023 ge ||||| |||| 00| 0 geo d
020 _a9789941989018
041 _ageo
080 _a372.8 უ-13
100 _aუაითი, ჯენ
_921971
245 _aთამაში და სწავლა გარეთ = Playing and Learning Outdoors /
_bპრაქტიკული გზამკვლევი და სახელმძღვ. ადრეული ასაკის ბავშვებისათვის გარე სივრცეში საუკეთესო პრაქტიკის უზრუნველსაყოფად /
_cჯენ უაითი, მთარგმ. მაია ბოლქვაძე, რედ. ნაზიბროლა ბერიძე-გაბაიძე, მთ.რედ: ლელა თავდგირიძე, ნატო შეროზია
250 _aმე-3 გამოცემა
264 _aთბილისი-ბათუმი:
_bშპს,,საჩინო",
_c2023.
300 _a354 გვ;.
_bილ;
_c21 სმ.
501 _aსაძიებელი გვ:340-354
653 _aთამაში და სწავლა გარეთ = Playing and Learning Outdoors
653 _aპედაგოგიკა
653 _aგანათლება
700 _aბოლქვაძე, მაია
_eმთარგმნელი
_913635
700 _aბერიძე-გაბაიძე, ნაზიბროლა
_eრედაქტორი
_921972
700 _aთავდგირიძე, ლელა
_eმთავარი რედაქტორი
_91294
700 _aშეროზია, ნატო
_eმთავარი რედაქტორი
_99358
710 _aნაშრომის ქართულ ენაზე თარგმნისა და ქართულენოვანი გამოცემის საავტორო უფლება: ბათუმის შოთა რუსთაველის სახელმწიფო უნივერსიტეტი
_921973
856 _uhttps://cloud.mail.ru/stock/deydJecUSEmSj87R1wGiC5jE
_yელ.ვერსია. pdf
942 _2udc
_cBK